000 00689nam a2200205Ia 4500
003 OSt
005 20260627113823.0
008 210210b2005 xxu||||| |||| 00| 0 eng d
040 _cAL
041 _aKannada
082 _a361.06K GANI
100 _aGANGADHARA BELLARE.
_dಗಂಗಾಧರ ಬೆಳ್ಳಾರೆ
_9266040
245 _aIvaru navalla: vartana vishleshane vastava kathegalu.
_bಇವರು ನಾವಲ್ಲ: ವರ್ತನ ವಿಶ್ಲೇಷಣೆ ವಾಸ್ತವ ಕಥೆಗಳು
260 _aPutturu
_bSharada buk haus
_c2005
300 _ax,84
650 _aCounselling
_9266041
690 _aSocial Work
_9266042
906 _a060368
942 _2ddc
_cBK
999 _c107502
_d107502